Bioethical Considerations on the Japanese Law and Government Reports on Human Cloning. The Embryo and the Genome (Record n. 234216)

Dettagli MARC
000 -LEADER
fixed length control field 01019nas a2200277Ia 4500
001 - CONTROL NUMBER
control field A07/R086-35829
003 - CONTROL NUMBER IDENTIFIER
control field IT-MiCISF
008 - FIXED-LENGTH DATA ELEMENTS--GENERAL INFORMATION
fixed length control field 161014c99999999xx |||||||||||| ||und||
040 ## - CATALOGING SOURCE
Original cataloging agency IT-MiCISF
Transcribing agency IT-MiCISF
041 ## - LANGUAGE CODE
Language code of text/sound track or separate title INGLESE
999 ## - SYSTEM CONTROL NUMBERS (KOHA)
Koha Dewey Subclass [OBSOLETE] Si
100 ## - MAIN ENTRY--PERSONAL NAME
Personal name Akiba Etsuko
210 ## - ABBREVIATED TITLE
Abbreviated title Medicina e morale
222 ## - KEY TITLE
Key title Medicina e morale
240 ## - UNIFORM TITLE
Uniform title Bioethical Considerations on the Japanese Law and Government Reports on Human Cloning. The Embryo and the Genome
245 #0 - TITLE STATEMENT
Title Bioethical Considerations on the Japanese Law and Government Reports on Human Cloning. The Embryo and the Genome
250 ## - EDITION STATEMENT
Edition statement 1a ed.
260 ## - PUBLICATION, DISTRIBUTION, ETC. (IMPRINT)
Date of publication, distribution, etc. 2002
300 ## - PHYSICAL DESCRIPTION
Extent pp. 229-245
362 ## - DATES OF PUBLICATION AND/OR SEQUENTIAL DESIGNATION
Dates of publication and/or sequential designation n. 2, marzo-aprile [2002]
501 ## - WITH NOTE
-- CISF - Centro Internazionale Studi Famiglia - Via Giotto, 36 20145 MILANO (non commercial uses only)
-- Copyright 2016
500 ## - GENERAL NOTE
General note Tema: bioetica, legislazione, clonazione, embrione, genetica
650 ## - SUBJECT ADDED ENTRY--TOPICAL TERM
Topical term or geographic name as entry element BIOETICA
Form subdivision articolo
700 ## - ADDED ENTRY--PERSONAL NAME
Personal name Serra Angelo
942 ## - ADDED ENTRY ELEMENTS (KOHA)
Koha item type RIVISTA
957 ## -
-- 1
999 ## - SYSTEM CONTROL NUMBERS (KOHA)
-- 1
Dati di copia
Withdrawn status Lost status Damaged status Not for loan Home library Current library Date acquired Total Checkouts Full call number Date last seen Price effective from Koha item type Public note
    Buone Condizioni Not For Loan CISF - Milano CISF - Milano 14/10/2016   A07/R086-35829 14/10/2016 14/10/2016 RIVISTA Data import 15.10.2016 / by Epidotti, Vaglietti
CREDITS: SOCIETA' SAN PAOLO Via A.Severo, 58 - ROMA (RM) & PERIODICI SAN PAOLO SRL Via Giotto, 36 MILANO & CISF Via Giotto, 36 MILANO & EDIZIONI SAN PAOLO SRL,  Piazza Soncino, 5 CINISELLO BALSAMO (MI) -- ITALY